| 000 | 00443nam a2200157 4500 | ||
|---|---|---|---|
| 001 | 133162 | ||
| 003 | ES-MaACL | ||
| 005 | 20230906194334.0 | ||
| 007 | t| | ||
| 008 | 070214s1967 sp r ||||1| spa d | ||
| 100 | 1 |
_aRubio, Luis. _9100359 |
|
| 245 | 1 | 3 |
_aEl misterio de Cristo en la historia de la salvación / _cLuis Rubio. |
| 260 |
_aSalamanca : _bSÃgueme, _c1967. |
||
| 300 |
_a471 p. ; _c22 cm. |
||
| 852 |
_aES-MaACL _jC-33753 _bR.64724 |
||
| 999 |
_c133162 _d133162 |
||